Simulace Monte Carlo v analýze rizika investičních projektů
Charakteristika metódy Monte Carlo. Analýza rizika investičných projektov. Simulácia Monte Carlo v analýze rizika. Príklady aplikácie simulácie Monte Carlo.
Na minha lista:
| Autor principal: | |
|---|---|
| Outros Autores: | , , |
| Formato: | Capítulo de Livro |
| Idioma: | tcheco |
| Assuntos: | |
| Tags: |
Sem tags, seja o primeiro a adicionar uma tag!
|
MARC
| LEADER | 00000naa$a2200000$$$4500 | ||
|---|---|---|---|
| 001 | 0058321 | ||
| 005 | 20231116104404.9 | ||
| 041 | 0 | |a cze | |
| 044 | |a CZ | ||
| 245 | 1 | 0 | |a Simulace Monte Carlo v analýze rizika investičních projektů |c Jiří Fotr, Lenka Švecová, Ivan Souček, Lubomír Pešák |
| 520 | |a Charakteristika metódy Monte Carlo. Analýza rizika investičných projektov. Simulácia Monte Carlo v analýze rizika. Príklady aplikácie simulácie Monte Carlo. | ||
| 610 | 2 | 0 | |a projekty investičné |
| 610 | 2 | 0 | |a rozhodovanie investičné |
| 610 | 2 | 0 | |a simulácia |
| 610 | 2 | 0 | |a metóda Monte Carlo |
| 610 | 2 | 0 | |a riziko |
| 100 | 1 | |a Fotr, Jiří | |
| 700 | 1 | |a Švecová, Lenka | |
| 700 | 1 | |a Souček, Ivan | |
| 700 | 1 | |a Pešák, Lubomír | |